00430nam a2200145Ia 4500008004100000020001800041041000800059082002000067100001900087245009100106250000600197260005100203300001200254650001800266210716s2012 xx 000 0 und d a9788120344303 aeng a658.312404 PRAK aPrasad, Kesho. aStrategic human resource development: concepts and practices.bConcepts and practices. a1 aNew DelhibPHI Learning private limited.c2012 axvi,408 aStrategic HRM